[Event "CZE-chT2E 1213"]
[Site "Czech Republic"]
[Date "2013.02.17"]
[Round "9.2"]
[White "Bazant, Petr Sr"]
[Black "Augustin, Josef"]
[Result "1/2-1/2"]
[WhiteElo "2266"]
[BlackElo "2279"]
[PlyCount "23"]
[EventDate "2012.10.14"]
[EventType "team-tourn"]
[EventRounds "11"]
[EventCountry "CZE"]
[SourceTitle "EXT 2016"]
[Source "ChessBase"]
[SourceDate "2015.10.08"]
[SourceVersion "1"]
[SourceVersionDate "2015.10.08"]
[SourceQuality "1"]
[WhiteTeam "Stare Mesto II"]
[BlackTeam "Brno Lokomotiva"]
[WhiteTeamCountry "CZE"]
[BlackTeamCountry "CZE"]

1. d4 Nf6 2. Nf3 d5 3. Bf4 c6 4. e3 Bf5 5. Bd3 Bxd3 6. Qxd3 e6 7. 0-0 Bd6 8. Bxd6 Qxd6 9. Nbd2 0-0 10. e4 dxe4 11. Nxe4 Nxe4 12. Qxe4 1/2-1/2

[Event "CZE-chT2D 1011"]
[Site "Czech Republic"]
[Date "2011.03.27"]
[Round "10"]
[White "Augustin, Josef"]
[Black "Lednicky, Martin"]
[Result "1/2-1/2"]
[WhiteElo "2297"]
[BlackElo "2233"]
[PlyCount "104"]
[EventDate "2010.10.17"]
[EventType "team-tourn"]
[EventRounds "11"]
[EventCountry "CZE"]
[SourceTitle "EXT 2012"]
[Source "ChessBase"]
[SourceDate "2011.11.24"]
[SourceVersion "1"]
[SourceVersionDate "2011.11.24"]
[SourceQuality "1"]
[WhiteTeam "Brno Lokomotiva"]
[BlackTeam "Trebic Caissa II"]
[WhiteTeamCountry "CZE"]
[BlackTeamCountry "CZE"]

1. Nf3 d5 2. d4 Nf6 3. Bf4 e6 4. e3 c5 5. c3 Nc6 6. Be2 Be7 7. h3 0-0 8. 0-0 Bd6 9. Bxd6 Qxd6 10. Nbd2 e5 11. dxe5 Nxe5 12. Nxe5 Qxe5 13. Nf3 Qe7 14. c4 Rd8 15. Qc2 b6 16. cxd5 Nxd5 17. a3 Bb7 18. Rad1 Rd6 19. Rfe1 Rh6 20. Nd2 Nf6 21. Bf3 Rg6 22. Qf5 Re8 23. Bxb7 Qxb7 24. Nf3 h6 25. Rd6 Qe4 26. Qxe4 Rxe4 27. Red1 Kf8 28. Rc6 Re7 29. Rd8+ Ne8 30. Rxg6 fxg6 31. Kf1 Kf7 32. Ke2 g5 33. Nd2 Ke6 34. Ne4 Nf6 35. Nxf6 Kxf6 36. Kd3 Ke5 37. f3 b5 38. g3 Rc7 39. e4 c4+ 40. Kc3 a6 41. Rd5+ Ke6 42. f4 gxf4 43. gxf4 g6 44. Kd4 c3 45. bxc3 Rc4+ 46. Kd3 Ra4 47. f5+ gxf5 48. Rxf5 Rxa3 49. Kc2 Ra4 50. Rh5 Rxe4 51. Rxh6+ Kd5 52. Rxa6 Rh4 1/2-1/2

[Event "Oberpfalz-ch M2"]
[Site "Roding"]
[Date "2010.03.30"]
[Round "8"]
[White "Augustin, Josef"]
[Black "Pernpeintner, Alois"]
[Result "1-0"]
[WhiteElo "1620"]
[BlackElo "1567"]
[PlyCount "57"]
[EventDate "2010.03.27"]
[EventType "swiss"]
[EventRounds "8"]
[EventCountry "GER"]
[SourceTitle "EXT 2012"]
[Source "ChessBase"]
[SourceDate "2011.11.24"]
[SourceVersion "1"]
[SourceVersionDate "2011.11.24"]
[SourceQuality "1"]

1. e4 c5 2. b3 Nf6 3. d3 e6 4. Bb2 Be7 5. c4 d6 6. Nf3 0-0 7. Be2 b6 8. 0-0 Bb7 9. Nc3 Nc6 10. a3 a6 11. Qc2 Qc7 12. Rad1 e5 13. Nd5 Nxd5 14. cxd5 Na7 15. d4 f6 16. dxe5 fxe5 17. Nd2 Bc8 18. Nc4 b5 19. Ne3 Bd7 20. Rd2 Rac8 21. Rfd1 a5 22. Bxe5 dxe5 23. d6 Bxd6 24. Rxd6 Be8 25. Bg4 Ra8 26. Qc3 Bf7 27. Rd7 Qc6 28. f3 c4 29. R1d6 1-0

[Event "CZE-chT2E 0910"]
[Site "Czech Republic"]
[Date "2010.03.28"]
[Round "10.1"]
[White "Kuchynka, Lukas"]
[Black "Augustin, Josef"]
[Result "1-0"]
[WhiteElo "2317"]
[BlackElo "2306"]
[PlyCount "83"]
[EventDate "2009.10.18"]
[EventType "team-tourn"]
[EventRounds "11"]
[EventCountry "CZE"]
[SourceTitle "EXT 2012"]
[Source "ChessBase"]
[SourceDate "2011.11.24"]
[SourceVersion "1"]
[SourceVersionDate "2011.11.24"]
[SourceQuality "1"]
[WhiteTeam "Hustopece"]
[BlackTeam "Brno Lokomotiva III"]
[WhiteTeamCountry "CZE"]
[BlackTeamCountry "CZE"]

1. e4 e6 2. d4 d5 3. Nc3 Bb4 4. e5 c5 5. a3 Bxc3+ 6. bxc3 Qc7 7. Nf3 Ne7 8. Bd3 Bd7 9. h4 Ba4 10. Bd2 Nbc6 11. Qb1 c4 12. Be2 0-0-0 13. h5 h6 14. Qc1 Qa5 15. 0-0 f5 16. exf6 gxf6 17. Nh4 Rdg8 18. Qe1 Qc7 19. Qc1 Qa5 20. Qe1 Qc7 21. Bd1 Qd6 22. Qe3 e5 23. dxe5 fxe5 24. f4 exf4 25. Rxf4 Kb8 26. Qf2 Ka8 27. Rf6 Qe5 28. Qf4 Qg5 29. Qxg5 hxg5 30. Nf5 Rh7 31. Nh6 Rgg7 32. Rf8+ Nb8 33. Nf5 Rf7 34. Rxf7 Rxf7 35. Nxe7 Rxe7 36. Bxg5 Rf7 37. h6 Nd7 38. Bh5 Rf8 39. Rc1 Ne5 40. Be3 Be8 41. Bxe8 Rxe8 42. Bd4 1-0

[Event "CZE-chT2E 0910"]
[Site "Czech Republic"]
[Date "2010.01.31"]
[Round "6.2"]
[White "Cip, Dalibor"]
[Black "Augustin, Josef"]
[Result "1/2-1/2"]
[WhiteElo "2164"]
[BlackElo "2306"]
[PlyCount "33"]
[EventDate "2009.10.18"]
[EventType "team-tourn"]
[EventRounds "11"]
[EventCountry "CZE"]
[SourceTitle "EXT 2012"]
[Source "ChessBase"]
[SourceDate "2011.11.24"]
[SourceVersion "1"]
[SourceVersionDate "2011.11.24"]
[SourceQuality "1"]
[WhiteTeam "Orechov"]
[BlackTeam "Brno Lokomotiva III"]
[WhiteTeamCountry "CZE"]
[BlackTeamCountry "CZE"]

1. d4 Nf6 2. c4 e6 3. Nf3 Bb4+ 4. Bd2 Qe7 5. g3 0-0 6. Bg2 Bxd2+ 7. Nbxd2 d6 8. 0-0 e5 9. e4 Bg4 10. d5 c6 11. b4 a5 12. a3 axb4 13. axb4 Na6 14. Qb3 c5 15. b5 Nb4 16. Nh4 g5 17. Nhf3 1/2-1/2

[Event "CZE-chT2E 0910"]
[Site "Czech Republic"]
[Date "2010.01.17"]
[Round "5.2"]
[White "Augustin, Josef"]
[Black "Ponizil, Cyril"]
[Result "1/2-1/2"]
[WhiteElo "2306"]
[BlackElo "2307"]
[PlyCount "40"]
[EventDate "2009.10.18"]
[EventType "team-tourn"]
[EventRounds "11"]
[EventCountry "CZE"]
[SourceTitle "EXT 2012"]
[Source "ChessBase"]
[SourceDate "2011.11.24"]
[SourceVersion "1"]
[SourceVersionDate "2011.11.24"]
[SourceQuality "1"]
[WhiteTeam "Brno Lokomotiva III"]
[BlackTeam "Zlin II"]
[WhiteTeamCountry "CZE"]
[BlackTeamCountry "CZE"]

1. c4 Nf6 2. Nc3 c5 3. g3 e6 4. Nf3 b6 5. Bg2 Bb7 6. 0-0 Be7 7. b3 d6 8. Bb2 0-0 9. Rc1 Nbd7 10. e3 Ne4 11. Nxe4 Bxe4 12. d3 Bb7 13. d4 Be4 14. Nd2 Bxg2 15. Kxg2 cxd4 16. Bxd4 Qc7 17. Qe2 Rfd8 18. Rfd1 Ne5 19. Ne4 Qc6 20. f3 Nd7 1/2-1/2

[Event "CZE-chT 0607"]
[Site "Czech Republic"]
[Date "2007.01.13"]
[Round "7.5"]
[White "Meszaros, Michal"]
[Black "Augustin, Josef"]
[Result "1-0"]
[WhiteElo "2420"]
[BlackElo "2330"]
[PlyCount "43"]
[EventDate "2006.12.01"]
[EventType "team"]
[EventRounds "11"]
[EventCountry "CZE"]
[SourceTitle "CBM 115 Extra"]
[Source "ChessBase"]
[SourceDate "2007.01.10"]
[SourceVersion "1"]
[SourceVersionDate "2007.01.10"]
[SourceQuality "1"]
[WhiteTeam "Zlin"]
[BlackTeam "Brno"]
[WhiteTeamCountry "CZE"]
[BlackTeamCountry "CZE"]

1. e4 e6 2. d4 d5 3. Nd2 c5 4. exd5 Qxd5 5. Ngf3 cxd4 6. Bc4 Qd6 7. Qe2 Nf6 8. Nb3 Nc6 9. Bg5 Be7 10. 0-0-0 e5 11. h3 Nd5 12. Bxe7 Ndxe7 13. Rhe1 f6 14. Nfxd4 exd4 15. Nxd4 Ne5 16. Nb5 Qc5 17. f4 N7g6 18. fxe5 Nxe5 19. Qh5+ g6 20. Qh6 Qf8 21. Nc7+ Ke7 22. Qe3 1-0

[Event "Oberpfalz-ch M2"]
[Site "Regensburg"]
[Date "2006.04.10"]
[Round "6"]
[White "Matrisch, Helge"]
[Black "Augustin, Josef"]
[Result "0-1"]
[WhiteElo "1553"]
[BlackElo "1617"]
[PlyCount "42"]
[EventDate "2006.04.08"]
[EventType "swiss"]
[EventRounds "8"]
[EventCountry "GER"]
[SourceTitle "EXT 2022"]
[Source "ChessBase"]
[SourceDate "2021.10.06"]
[SourceVersion "1"]
[SourceVersionDate "2021.10.06"]
[SourceQuality "1"]

1. c4 e5 2. Nc3 Nf6 3. Nf3 Nc6 4. g3 d5 5. cxd5 Nxd5 6. Bg2 Nxc3 7. bxc3 Bd6 8. 0-0 0-0 9. Rb1 Rb8 10. d3 Ne7 11. Qc2 c5 12. c4 Qc7 13. Bd2 b6 14. a4 a5 15. Rb2 Nc6 16. Nh4 Nb4 17. Bxb4 cxb4 18. e4 Bc5 19. Nf5 Bxf5 20. exf5 Bd4 21. Rbb1 Rbd8 0-1

[Event "Oberpfalz-ch M2"]
[Site "Regensburg"]
[Date "2006.04.08"]
[Round "1"]
[White "Augustin, Josef"]
[Black "Albrecht, Stephan"]
[Result "0-1"]
[WhiteElo "1617"]
[BlackElo "1771"]
[PlyCount "78"]
[EventDate "2006.04.08"]
[EventType "swiss"]
[EventRounds "8"]
[EventCountry "GER"]
[SourceTitle "EXT 2022"]
[Source "ChessBase"]
[SourceDate "2021.10.06"]
[SourceVersion "1"]
[SourceVersionDate "2021.10.06"]
[SourceQuality "1"]

1. e4 e6 2. Bc4 d5 3. exd5 exd5 4. Bb3 Nf6 5. Ne2 Bd6 6. 0-0 0-0 7. d4 Bg4 8. f3 Bf5 9. Bf4 c6 10. c3 Qc7 11. Bxd6 Qxd6 12. Ng3 Bg6 13. Re1 Nbd7 14. Nd2 Nh5 15. Nxh5 Bxh5 16. Nf1 f5 17. Qd2 f4 18. Qf2 b5 19. Re5 Nxe5 20. dxe5 Qxe5 21. Re1 Qf6 22. a3 a5 23. Qc5 Rae8 24. Qf2 Rxe1 25. Qxe1 Re8 26. Qd2 Qe5 27. Bd1 a4 28. Qf2 Bg6 29. Qd2 c5 30. h3 d4 31. c4 Qe1 32. Qc1 Bd3 33. cxb5 Qxf1+ 34. Kh2 Re1 35. Qxf4 Qg1+ 36. Kg3 Qe3 37. Bxa4 Qxf4+ 38. Kxf4 Rb1 39. Bb3+ c4 0-1

[Event "MOR-chT 0405"]
[Site "Czech Republic"]
[Date "2004.10.10"]
[Round "2.4"]
[White "Augustin, Josef"]
[Black "Kupka, Slavoj"]
[Result "1/2-1/2"]
[WhiteElo "2337"]
[BlackElo "2229"]
[PlyCount "31"]
[EventDate "2004.10.09"]
[EventType "team"]
[EventRounds "11"]
[EventCountry "CZE"]
[SourceTitle "CBM 103 Extra"]
[Source "ChessBase"]
[SourceDate "2005.01.01"]
[SourceVersion "1"]
[SourceVersionDate "2005.01.01"]
[SourceQuality "1"]

1. d4 d5 2. Nf3 Nf6 3. Bf4 e6 4. e3 c5 5. c3 Nc6 6. Nbd2 Be7 7. Bd3 a6 8. Ne5 Bd7 9. 0-0 0-0 10. Qe2 Rc8 11. Rac1 Be8 12. dxc5 Bxc5 13. e4 Nxe5 14. Bxe5 Bc6 15. Rfd1 Re8 16. h3 1/2-1/2

[Event "CZE-chT2d 0304"]
[Site "Czech Republic"]
[Date "2004.??.??"]
[Round "?"]
[White "Augustin, Josef"]
[Black "Mlynek, Petr"]
[Result "1/2-1/2"]
[WhiteElo "2353"]
[BlackElo "2242"]
[PlyCount "21"]
[EventDate "2003.??.??"]
[EventType "team"]
[EventRounds "11"]
[EventCountry "CZE"]
[SourceTitle "EXT 2007"]
[Source "ChessBase"]
[SourceDate "2006.11.23"]
[SourceVersion "1"]
[SourceVersionDate "2006.11.23"]
[SourceQuality "1"]

1. d4 d5 2. Nf3 c6 3. Bf4 Bf5 4. e3 Nf6 5. Bd3 e6 6. 0-0 Nbd7 7. Bxf5 exf5 8. Ne5 Nxe5 9. Bxe5 Bd6 10. Bxd6 Qxd6 11. Nd2 1/2-1/2

[Event "MOR-chT 0203"]
[Site "Moravia"]
[Date "2003.01.19"]
[Round "6"]
[White "Augustin, Josef"]
[Black "Kovalev, Andrei"]
[Result "0-1"]
[WhiteElo "2353"]
[BlackElo "2542"]
[PlyCount "74"]
[EventDate "2002.10.??"]
[EventType "team"]
[EventRounds "11"]
[EventCountry "CZE"]
[SourceTitle "EXT 2005"]
[Source "ChessBase"]
[SourceDate "2004.11.15"]
[SourceVersion "1"]
[SourceVersionDate "2004.11.15"]
[SourceQuality "1"]

1. Nf3 Nf6 2. d4 g6 3. Bf4 d6 4. e3 Nh5 5. Bg5 h6 6. Bh4 g5 7. Nfd2 Ng7 8. Bg3 Nf5 9. c3 Nd7 10. Bd3 Nf6 11. e4 Nxg3 12. hxg3 Bg7 13. Nf1 c5 14. dxc5 dxc5 15. Bb5+ Nd7 16. Ne3 e6 17. Nd2 a6 18. Ba4 b5 19. Bc2 Bb7 20. f4 Qc7 21. e5 0-0-0 22. Qe2 f6 23. a4 c4 24. axb5 axb5 25. 0-0 gxf4 26. exf6 Nxf6 27. gxf4 Qc5 28. b4 Qb6 29. Kh1 Nh5 30. Ne4 Bxe4 31. Qxh5 Bb7 32. Qc5+ Qxc5 33. bxc5 Bxc3 34. Rab1 Bd2 35. Ng4 Rhg8 36. Bd1 h5 37. Rxb5 hxg4 0-1

[Event "CZE-chT2d 0304"]
[Site "Czech Republic"]
[Date "2003.??.??"]
[Round "?"]
[White "Augustin, Josef"]
[Black "Riska, Lubomir"]
[Result "1/2-1/2"]
[WhiteElo "2350"]
[BlackElo "2195"]
[PlyCount "21"]
[EventDate "2003.??.??"]
[EventType "team"]
[EventRounds "11"]
[EventCountry "CZE"]
[SourceTitle "EXT 2007"]
[Source "ChessBase"]
[SourceDate "2006.11.23"]
[SourceVersion "1"]
[SourceVersionDate "2006.11.23"]
[SourceQuality "1"]

1. Nf3 Nf6 2. d4 c5 3. c3 e6 4. e3 b6 5. Nbd2 Bb7 6. Bd3 d5 7. Ne5 Bd6 8. f4 0-0 9. 0-0 Ne4 10. Qh5 f6 11. Ng4 1/2-1/2

[Event "Morava-chT 9900"]
[Site "Czech Republic"]
[Date "2000.??.??"]
[Round "6"]
[White "Augustin, Josef"]
[Black "Simacek, Pavel"]
[Result "0-1"]
[WhiteElo "2380"]
[BlackElo "2346"]
[PlyCount "73"]
[EventDate "1999.??.??"]
[EventType "team-tourn"]
[EventRounds "11"]
[EventCountry "CZE"]
[SourceTitle "EXT 2001"]
[Source "ChessBase"]
[SourceDate "2000.11.22"]
[SourceVersion "1"]
[SourceVersionDate "2000.11.22"]
[SourceQuality "1"]

1. c4 e5 2. Nc3 Nf6 3. g3 g6 4. Bg2 Bg7 5. e3 0-0 6. Nge2 Re8 7. 0-0 d6 8. d3 c6 9. e4 Be6 10. f4 Qb6+ 11. Kh1 Ng4 12. f5 Bd7 13. Qe1 Ne3 14. Na4 Nxg2 15. Kxg2 Qd8 16. Nac3 gxf5 17. exf5 d5 18. Qf2 Bf6 19. h4 Na6 20. Bh6 b5 21. a3 b4 22. axb4 Nxb4 23. Ra4 Qb6 24. Qf3 Kh8 25. Qh5 Rg8 26. Qxf7 Qd8 27. Kh2 Be8 28. Qe6 Bh5 29. Rf2 Re8 30. cxd5 Rxe6 31. dxe6 Bxh4 32. Ne4 Bf6 33. Nxf6 Qxf6 34. Bd2 Nxd3 35. Kg2 Rd8 36. Rf1 c5 37. Kg1 0-1

[Event "Morava-chT 9900"]
[Site "Czech Republic"]
[Date "2000.??.??"]
[Round "7"]
[White "Babula, Vlastimil"]
[Black "Augustin, Josef"]
[Result "1-0"]
[WhiteElo "2567"]
[BlackElo "2380"]
[PlyCount "81"]
[EventDate "1999.??.??"]
[EventType "team-tourn"]
[EventRounds "11"]
[EventCountry "CZE"]
[SourceTitle "EXT 2001"]
[Source "ChessBase"]
[SourceDate "2000.11.22"]
[SourceVersion "1"]
[SourceVersionDate "2000.11.22"]
[SourceQuality "1"]

1. d4 d5 2. c4 e6 3. Nc3 Nf6 4. Bg5 Be7 5. e3 0-0 6. Nf3 h6 7. Bh4 Ne4 8. Bxe7 Qxe7 9. Rc1 Nxc3 10. Rxc3 c6 11. Be2 b6 12. cxd5 exd5 13. 0-0 Rd8 14. Qa4 Bb7 15. Ne5 c5 16. Re1 Qd6 17. b3 a6 18. Qa3 f6 19. Nd3 Nc6 20. dxc5 Qe7 21. Nf4 b5 22. Qb2 Qe5 23. Rd1 d4 24. Rcd3 dxe3 25. Qxe5 exf2+ 26. Kxf2 fxe5 27. Rxd8+ Rxd8 28. Rxd8+ Nxd8 29. Ng6 Kf7 30. Nxe5+ Ke6 31. Nd3 Be4 32. Ke3 Bb7 33. Bg4+ Kf6 34. Bf3 Bxf3 35. Kxf3 Ke6 36. Ke4 g5 37. Nb4 a5 38. Nc2 Kd7 39. Nd4 b4 40. Kd5 g4 41. c6+ 1-0

[Event "Morava-chT 9899"]
[Site "Czech Republic"]
[Date "1999.??.??"]
[Round "11"]
[White "Augustin, Josef"]
[Black "Chytilek, Roman"]
[Result "1/2-1/2"]
[WhiteElo "2385"]
[BlackElo "2370"]
[PlyCount "29"]
[EventDate "1998.??.??"]
[EventType "team-tourn"]
[EventRounds "11"]
[EventCountry "CZE"]
[SourceTitle "EXT 2000"]
[Source "ChessBase"]
[SourceDate "1999.11.16"]
[SourceVersion "1"]
[SourceVersionDate "1999.11.16"]
[SourceQuality "1"]

1. Nf3 d6 2. d4 Bg4 3. e4 Nf6 4. Nc3 e6 5. h3 Bh5 6. Be3 d5 7. exd5 exd5 8. Be2 Be7 9. 0-0 Bxf3 10. Bxf3 c6 11. Qd3 Nbd7 12. Rae1 0-0 13. Bf4 Re8 14. Re2 Nf8 15. Rfe1 1/2-1/2

[Event "Morava-chT 9900"]
[Site "Czech Republic"]
[Date "1999.??.??"]
[Round "3"]
[White "Augustin, Josef"]
[Black "Orsag, Milan"]
[Result "0-1"]
[WhiteElo "2380"]
[BlackElo "2407"]
[PlyCount "106"]
[EventDate "1999.??.??"]
[EventType "team-tourn"]
[EventRounds "11"]
[EventCountry "CZE"]
[SourceTitle "EXT 2001"]
[Source "ChessBase"]
[SourceDate "2000.11.22"]
[SourceVersion "1"]
[SourceVersionDate "2000.11.22"]
[SourceQuality "1"]

1. d4 d5 2. Nf3 c5 3. dxc5 e6 4. Bg5 Nf6 5. e3 Bxc5 6. a3 Nbd7 7. c4 h6 8. Bh4 dxc4 9. Bxc4 a6 10. 0-0 b5 11. Be2 Bb7 12. a4 bxa4 13. Qxa4 0-0 14. Rd1 Qb6 15. Nbd2 Bc6 16. Qc2 Rfc8 17. Nc4 Qb4 18. Nfd2 a5 19. Bg3 a4 20. Rac1 Bb7 21. Bf3 Nd5 22. Qb1 Be7 23. Ne5 Rxc1 24. Qxc1 Rc8 25. Qb1 Nxe5 26. Bxe5 Bf6 27. Bxf6 Nxf6 28. Bxb7 Qxb7 29. h3 Qb4 30. Nf3 g6 31. Nd4 Rc7 32. Nxe6 Rb7 33. Nd8 Rb6 34. Rd4 Qb3 35. Qa1 Qc2 36. Qxa4 Qc1+ 37. Kh2 Rxb2 38. Rf4 Rb6 39. Qd4 Qc7 40. g3 Rd6 41. Qe5 Qxd8 42. g4 Re6 43. Qb2 Qd6 44. Kg2 Qd5+ 45. Kg1 Ne4 46. Qb8+ Kg7 47. Qb4 Qe5 48. Qb7 Re7 49. Qc6 Ng5 50. Kg2 Rc7 51. Qa8 Rc2 52. Qa7 Qd5+ 53. Kh2 Rc1 0-1

[Event "Morava-chT 9899"]
[Site "Czech Republic"]
[Date "1999.??.??"]
[Round "7"]
[White "Augustin, Josef"]
[Black "Zpevak, Pavel"]
[Result "1/2-1/2"]
[WhiteElo "2385"]
[BlackElo "2380"]
[PlyCount "20"]
[EventDate "1998.??.??"]
[EventType "team-tourn"]
[EventRounds "11"]
[EventCountry "CZE"]
[SourceTitle "EXT 2000"]
[Source "ChessBase"]
[SourceDate "1999.11.16"]
[SourceVersion "1"]
[SourceVersionDate "1999.11.16"]
[SourceQuality "1"]

1. Nf3 Nf6 2. d4 g6 3. Bg5 Bg7 4. Nbd2 d6 5. e4 Nbd7 6. Bc4 e5 7. dxe5 dxe5 8. 0-0 0-0 9. c3 Qe7 10. Re1 h6 1/2-1/2

[Event "Morava-chT 9900"]
[Site "Czech Republic"]
[Date "1999.??.??"]
[Round "1"]
[White "Augustin, Josef"]
[Black "Zpevak, Pavel"]
[Result "1/2-1/2"]
[WhiteElo "2380"]
[BlackElo "2354"]
[PlyCount "20"]
[EventDate "1999.??.??"]
[EventType "team-tourn"]
[EventRounds "11"]
[EventCountry "CZE"]
[SourceTitle "EXT 2001"]
[Source "ChessBase"]
[SourceDate "2000.11.22"]
[SourceVersion "1"]
[SourceVersionDate "2000.11.22"]
[SourceQuality "1"]

1. Nf3 Nf6 2. b3 g6 3. Bb2 Bg7 4. e3 d6 5. d4 0-0 6. Be2 Nbd7 7. c4 e5 8. dxe5 Ng4 9. Nc3 Ngxe5 10. 0-0 Re8 1/2-1/2

[Event "Morava-chT 9899"]
[Site "Czech Republic"]
[Date "1998.??.??"]
[Round "5"]
[White "Augustin, Josef"]
[Black "Holemar, David"]
[Result "1/2-1/2"]
[WhiteElo "2385"]
[BlackElo "2120"]
[PlyCount "23"]
[EventDate "1998.??.??"]
[EventType "team-tourn"]
[EventRounds "11"]
[EventCountry "CZE"]
[SourceTitle "EXT 2000"]
[Source "ChessBase"]
[SourceDate "1999.11.16"]
[SourceVersion "1"]
[SourceVersionDate "1999.11.16"]
[SourceQuality "1"]

1. c4 Nf6 2. Nc3 g6 3. g3 Bg7 4. Bg2 0-0 5. e4 c5 6. Nge2 Nc6 7. 0-0 Ne8 8. f4 f5 9. d3 d6 10. Rb1 Nc7 11. Be3 Ne6 12. a3 1/2-1/2

[Event "Morava-chT 9798"]
[Site "Czech Republic"]
[Date "1998.??.??"]
[Round "5.1"]
[White "Augustin, Josef"]
[Black "Piza, Vlastimil"]
[Result "1/2-1/2"]
[WhiteElo "2385"]
[BlackElo "2295"]
[PlyCount "33"]
[EventDate "1997.??.??"]
[EventType "team-tourn"]
[EventRounds "11"]
[EventCountry "CZE"]
[SourceTitle "EXT 1999"]
[Source "ChessBase"]
[SourceDate "1998.11.16"]
[SourceVersion "1"]
[SourceVersionDate "1998.11.16"]
[SourceQuality "1"]

1. Nf3 Nf6 2. d4 g6 3. Bg5 Bg7 4. Nbd2 d6 5. e4 0-0 6. c3 Nc6 7. Bc4 e5 8. dxe5 Nxe5 9. Nxe5 dxe5 10. 0-0 Qe7 11. Qb3 h6 12. Bh4 g5 13. Bg3 Nh5 14. Rfe1 Nf4 15. Nf1 c6 16. a4 h5 17. f3 1/2-1/2